My treasury of five minute stories

Bibliographic Details
Main Author: Baxter, Nicola (Author)
Other Authors: Press, Jenny (Illustrator)
Format: Book
Language:English
PhysicalDescription:256 s. fareb. ilustr. 31 cm
Published: Leicester Armadillo c2002
ISBN:184322142X
Subjects:

MARC

LEADER 00000nam a2200000 a 4500
001 vtls008847648
003 SK-MaSNL
005 20260301124234.0
008 240313s2002 xxka j 000 1 eng
020 |a 184322142X  |q (viaz.) 
035 |a F239112D-C2D7-4960-8FC7-95331367ACBB 
035 |a urn:nbn:sk:snk-amyggz 
035 |a urn:nbn:sk:snk-am00ckk1 
040 |a SNK  |b slo  |c SNK  |e AACR2 
041 0 |a eng 
044 |a uk  |c GB 
072 7 |a 821-93  |x Literatúra pre deti a mládež  |2 konspekt 
072 7 |a 821.111-3  |x Anglická próza, anglicky písaná  |2 konspekt 
080 |a 821-93  |2 2001 
080 |a 821.111-34  |2 2001 
080 |a (0:82-34)  |2 2001 
100 1 |a Baxter, Nicola  |4 aut  |9 65717 
245 1 0 |a My treasury of five minute stories  |c written by Nicola Baxter ; illustrated by Jenny Press 
260 |a Leicester  |b Armadillo  |c c2002  |e [Martin  |f Neografia] 
300 |a 256 s.  |b fareb. ilustr.  |c 31 cm 
655 7 |a anglické rozprávky  |2 SNKPH  |9 70609 
655 7 |a publikácie pre deti  |2 SNKPH  |9 70148 
655 7 |a English fairy tales  |2 SNKPHeng  |9 303197 
655 7 |a Children's literature  |2 SNKPHeng  |9 276039 
700 1 |a Press, Jenny  |4 ill  |9 66247 
919 |a 1-84322-142-X 
999 |c 738949  |d 740879 
952 |a SNK  |b SNK  |y PREZ  |7 0  |p 17A0521918  |o snkSB 72907  |i snk2006/18318  |8 1  |0 0  |1 0  |4 0  |d 2006-09-20  |f 1  |l 0  |r 2025-04-25 00:00:00  |w 2026-02-23